书目信息 |
| 题名: |
排球运动题解
|
|
| 作者: | 王伯中 著 | |
| 分册: | ||
| 出版信息: | 郑州 河南科学技术出版社 1991.05 |
|
| 页数: | 201页 | |
| 开本: | 32开 | |
| 丛书名: | ||
| 单 册: | ||
| 中图分类: | G842-44 | |
| 科图分类: | ||
| 主题词: | 球类运动 | |
| 电子资源: | ||
| ISBN: | 7-5349-0893-0 | |
| 000 | 00550nam0 2200193 45 | |
| 001 | 0006111686 | |
| 005 | 20000611163139.7 | |
| 010 | @a7-5349-0893-0@d3.20元 | |
| 100 | @a20000611d1991 km y0chiy0120 ea | |
| 101 | 0 | @achi |
| 105 | @a z 000yy | |
| 200 | 1 | @a排球运动题解@APai Qiu Yun Dong Ti Jie@f王伯中等著@FWang Bo Zhong Deng Zhu |
| 210 | @a郑州@c河南科学技术出版社@d1991.05 | |
| 215 | @a201页@d32开 | |
| 606 | 0 | @a球类运动 |
| 690 | @aG842-44@v3 | |
| 701 | 0 | @a王伯中@4著 |
| 801 | @aCN@bPftUser@c20000611 | |
| 905 | @b203176-185@dG842-44@eW959@f10 | |
| 排球运动题解/王伯中等著.-郑州:河南科学技术出版社,1991.05 |
| 201页;32开 |
| ISBN 7-5349-0893-0:3.20元 |
| ● |
| 相关链接 |
|
|
|
正题名:排球运动题解
索取号:G842-44/W959
 
预约/预借
| 序号 | 登录号 | 条形码 | 馆藏地/架位号 | 状态 | 备注 |
| 1 | 203176 | 202031764 | 社科库409/409社科库 23排2列1层/ [索取号:G842-44/W959] | 在馆 | |
| 2 | 203177 | 202031773 | 社科库409/409社科库 23排2列1层/ [索取号:G842-44/W959] | 在馆 | |
| 3 | 203178 | 202031782 | 社科二线422/409社科库 23排2列1层/ [索取号:G842-44/W959] | 在馆 | |
| 4 | 203179 | 202031791 | 社科二线422/409社科库 23排2列1层/ [索取号:G842-44/W959] | 在馆 | |
| 5 | 203180 | 202031808 | 社科二线422/409社科库 23排2列1层/ [索取号:G842-44/W959] | 在馆 | |
| 6 | 203181 | 202031817 | 社科二线422/409社科库 23排2列1层/ [索取号:G842-44/W959] | 在馆 | |
| 7 | 203182 | 202031826 | 社科二线422/409社科库 23排2列1层/ [索取号:G842-44/W959] | 在馆 | |
| 8 | 203183 | 202031835 | 社科二线422/309社科库 36排1列4层/ [索取号:G842-44/W959] | 在馆 | |
| 9 | 203184 | 202031844 | 社科二线422/409社科库 23排2列1层/ [索取号:G842-44/W959] | 在馆 | |
| 10 | 203185 | 202031853 | 社科二线422/409社科库 23排2列1层/ [索取号:G842-44/W959] | 在馆 |